Bővítik a konzervgyárat
Elmentve itt :
| Szerző: | |
|---|---|
| Dokumentumtípus: | Cikk |
| Megjelent: |
1967-09-22
|
| Sorozat: | Délmagyarország
57 No. 224 |
| Kulcsszavak: | Konzervgyár Szeged 1967, konzervgyár |
| Online Access: | http://dmarchiv.bibl.u-szeged.hu/65870 |
| LEADER | 00518nab a2200169 i 4500 | ||
|---|---|---|---|
| 001 | delm65870 | ||
| 005 | 20180927151318.0 | ||
| 008 | 180927s1967 hu o 0|| hun d | ||
| 040 | |a SZTE Délmagyarország Archívum |b hun | ||
| 041 | |a hun | ||
| 100 | 1 | |a Somogyi Károlyné | |
| 245 | 1 | 0 | |a Bővítik a konzervgyárat |h [elektronikus dokumentum] / |c Somogyi Károlyné |
| 260 | |c 1967-09-22 | ||
| 300 | |a 1 | ||
| 490 | 0 | |a Délmagyarország |v 57 No. 224 | |
| 695 | |a Konzervgyár Szeged 1967, konzervgyár | ||
| 700 | 0 | 1 | |a Somogyi Károlyné |e aut |